Societè informationnelle (La): enjeux sociaux et approches economiques (Record n. 89101)

Dettagli MARC
000 -LEADER
fixed length control field 01402nam a2200313Ia 4500
001 - CONTROL NUMBER
control field G3829
003 - CONTROL NUMBER IDENTIFIER
control field IT-RoPAU
008 - FIXED-LENGTH DATA ELEMENTS--GENERAL INFORMATION
fixed length control field 130308s9999 xx 000 0 und d
040 ## - CATALOGING SOURCE
Original cataloging agency IT-RoPAU
040 ## - CATALOGING SOURCE
Transcribing agency IT-RoPAU
041 ## - LANGUAGE CODE
Language code of text/sound track or separate title FRANCESE
100 ## - MAIN ENTRY--PERSONAL NAME
Personal name AA.VV.
100 ## - MAIN ENTRY--PERSONAL NAME
Miscellaneous information Codice Aut. SPICS: 12000
245 ## - TITLE STATEMENT
Title Societè informationnelle (La): enjeux sociaux et approches economiques
245 ## - TITLE STATEMENT
Remainder of title Societe' informationnelle (La): Enjeux Sociaux et Approches Economiques
250 ## - EDITION STATEMENT
Edition statement 1a ed.
260 ## - PUBLICATION, DISTRIBUTION, ETC. (IMPRINT)
Place of publication, distribution, etc. PARIS
260 ## - PUBLICATION, DISTRIBUTION, ETC. (IMPRINT)
Name of publisher, distributor, etc. L'Harmattan
260 ## - PUBLICATION, DISTRIBUTION, ETC. (IMPRINT)
Date of publication, distribution, etc. 1997 [1° Ed.:1997 - Ed.Ling.Originale:1997]
300 ## - PHYSICAL DESCRIPTION
Extent "240 p. (prefazione: no ; testo: 240 [pagine: 0-0])"
500 ## - GENERAL NOTE
General note Società dell'Informazione: Fattori Sociali e Approcci Economici. Prefazione di Blaise Cronin: Società dell'Informazione, Natura dell'Informazione, infrastrutture Informative, Economia dell'Informazione, informatica Sociale. riorganizzazione delle Attività e dei mercati intorno All'Informazione: Potenzialità e Rischi. Aggiornamento della Teoria Ortodossa dell'Informazione. Valore dell'Informazione: domanda che Rimane con Piu' Risposte. brevi Note biografiche degli Autori dei singoli Articoli.
650 ## - SUBJECT ADDED ENTRY--TOPICAL TERM
Topical term or geographic name as entry element POLITICA DELLA COMUNICAZIONE SOCIALE
650 ## - SUBJECT ADDED ENTRY--TOPICAL TERM
Relator term Codice materia Spics: 3803
700 ## - ADDED ENTRY--PERSONAL NAME
Personal name Mayere Anne
700 ## - ADDED ENTRY--PERSONAL NAME
Miscellaneous information Codice Aut. SPICS: 34255
942 ## - ADDED ENTRY ELEMENTS (KOHA)
Koha item type LIBRO
957 ## -
-- 1
999 ## - SYSTEM CONTROL NUMBERS (KOHA)
-- 2
Dati di copia
Withdrawn status Lost status Damaged status Not for loan Home library Current library Date acquired Total Checkouts Full call number Date last seen Price effective from Koha item type Public note
    Buone Condizioni Not For Loan SPICS-MEDIATECA SPICS-MEDIATECA 08/03/2013   G3829 08/03/2013 08/03/2013 LIBRO Progressivo inserimento: 12655 / N. Volumi: 1 Copie: 2 / data import: 1 marzo 2013 - By Epidotti, Trombetti, Vaglietti.
CREDITS: SOCIETA' SAN PAOLO Via A.Severo, 58 - ROMA (RM) & PERIODICI SAN PAOLO SRL Via Giotto, 36 MILANO & CISF Via Giotto, 36 MILANO & EDIZIONI SAN PAOLO SRL,  Piazza Soncino, 5 CINISELLO BALSAMO (MI) -- ITALY